000 00408nam a2200133Ia 4500
008 100328s9999 xx 000 0 und d
082 _b35639
100 _aखांडेकर वि.स.
245 _aजळलेला मोहर
260 _bदेशमुख आणि कंपनी
630 _aजळलेला मोहर
730 _aजळलेला मोहर
942 _cBOOK
999 _c525504
_d525501